000 00600nam a2200217Ia 4500
005 20260121111701.0
008 9 260114s9999 xx 000 0 eng d
020 _a9789812814661
037 _aEBOOK
040 _aCRL
_beng
_cCRL
041 _aeng
_2eng
084 _qCRL
100 _aSWAMINATHAN JAYASHANKAR M
_9945653
245 0 _aINDIAN ECONOMIC SUPERPOWER: FICTION OR FUTURE
260 _bWorld Scientific
260 _bWorld Scientific
856 _uhttps://www.worldscientific.com/worldscibooks/10.1142/6860#t=toc
942 _cEBOOK
999 _c1537309
_d1537309